000 01456nam a2200373 a 4500
001 000112131
003 CHAP
005 20220329144247.0
008 151207s2015 mx a fsm |||||||spa d
010 _a108592
011 _a109564
040 _cCHAP
090 _aTesis
100 1 _aChavarría Aldana, Verónica Yurhijtzi
_9130279
245 1 0 _aSalinidad del suelo y propueta de reforestación con especies tolerantes en la zona Norte del municipiode Chimalhuacán, Estado de México /
_h[En línea]
_cpor Verónica Yurhijtzi Chavarría Aldana y Adriana Guadalupe Ordoñez Espinosa.
260 _aChapingo, Méx. :
_bEl autor,
_c2015.
500 _aPara ver el contenido del material haga clic en la liga
502 _aTesis (Ing. en Recursos Naturales Renovables) -- UACH. Departamento de Suelos
590 _aBATCH
_b00
_c20181121
_lUCH01
_h0759
590 _aE11695DGD
_b10
_c20151208
_lUCH01
_h0729
590 _aE6096MTM
_b05
_c20151207
_lUCH01
_h1151
590 _aE6096MTM
_b05
_c20151207
_lUCH01
_h1155
650 1 4 _aHalófitas.
_952385
650 1 4 _aPlantas
_xEfecto de la sal.
_988817
650 1 4 _aSalinidad
_xRegiones áridas.
_9101735
650 1 4 _aSuelos salinos.
_9110558
650 1 4 _aSuelos salitrosos.
_9110559
700 1 _aOrdoñez Espinosa, Adriana Guadalupe
_9130280
856 _a1
_n0001558
856 _aFinding aid
_uhttp://10.13.5.2/tesis/sist112131.pdf
_zTeclea aquí
901 _aBK
942 _cTESIS
942 _n0
999 _c108592
_d108592